A Business plan
Αποθηκεύτηκε σε:
| Κύριος συγγραφέας: | |
|---|---|
| Μορφή: | Βιβλίο |
| Γλώσσα: | English |
| Δημοσίευση: |
London :
Pitman,
1988
|
| Σειρά: | Small business bookshelf series
|
| Θέματα: | |
| Ετικέτες: |
Προσθήκη ετικέτας
Δεν υπάρχουν, Καταχωρήστε ετικέτα πρώτοι!
|
MARC
| LEADER | 00000nam a2200000 i 4500 | ||
|---|---|---|---|
| 001 | 1/44642 | ||
| 008 | 950208s1988 eng d | ||
| 020 | |a 0273028243 | ||
| 035 | |l 10026005 | ||
| 040 | |a GR-MY-UA |b gre |e aacr | ||
| 041 | 0 | |a eng | |
| 082 | 0 | |a 658.022 | |
| 100 | 1 | |a West, Alan. | |
| 245 | 1 | 2 | |a A Business plan / |c Alan West |
| 260 | |a London : |b Pitman, |c 1988 | ||
| 300 | |a 196 p. | ||
| 490 | 1 | |a Small business bookshelf series | |
| 650 | 0 | 0 | |a Small business |x Management. |
| 830 | 0 | |a Small business bookshelf series | |
| 852 | |a INST |b CHIOS |e 19950208 |h 658.022 WES |p 005200004522 |q 005200004522 |t BK |y 0 | ||
| 909 | |a Χ |b 012056 | ||